| 000 | 01368cam a22003617a 4500 | ||
|---|---|---|---|
| 003 | CHAP | ||
| 005 | 20220329134305.0 | ||
| 008 | 971013s1979 r 00010 d | ||
| 010 | _a18208 | ||
| 011 | _a19180 | ||
| 035 | _a23265 | ||
| 040 | _cCHAP | ||
| 082 |
_a321.3 _bB5 |
||
| 100 | 0 | 0 |
_aBloch, Marc. _913187 |
| 245 | 1 | 3 | _aLa sociedad feudal |
| 260 |
_aMéxico, D. F. : _bUTHEA, _c1979 |
||
| 300 |
_a2 v. _b; láms. |
||
| 490 | 3 |
_aLa evolución de la humanidad _v; 52-53 |
|
| 505 | _aContenido : v.1 La formación de los vínculos de dependencia.-- v.2 Las clases y el gobierno de los hombres | ||
| 590 |
_aBATCH-UPD _b10 _c20130110 _lUCH01 _h0330 |
||
| 590 |
_aBATCH-UPD _b10 _c20130110 _lUCH01 _h2148 |
||
| 590 |
_aCONVERSION _b10 _c20130109 _lUCH01 _h1311 |
||
| 650 | 1 | 4 |
_aEdad Media _xHistoria. _935314 |
| 650 | 1 | 4 |
_aFeudalismo. _940674 |
| 830 | 3 |
_aLa evolución de la humanidad _v; 52-53 _964221 |
|
| 901 | _aBK | ||
| 942 | _cLIBRO | ||
| 949 |
_a321.3 B5 _bBC _cLIBRO _d33724000310546 _eLIBRO _gI.172680 _h86769 _i23265 _si |
||
| 949 |
_a321.3 B5 _bBC _cLIBRO _d33724000310561 _eLIBRO _fv.1 _gI. c/e _h65591 _i23265 _si |
||
| 949 |
_a321.3 B5 _bBC _cLIBRO _d33724000310587 _eLIBRO _fv.1 c.2 _gI.c/e _h65593 _i23265 _si |
||
| 949 |
_a321.3 B5 _bBC _cLIBRO _d33724000310595 _eLIBRO _fv.2 _i23265 _mD _si |
||
| 949 |
_a321.3 B5 _bBC _cLIBRO _d33724000310843 _eLIBRO _fv.2 c.2 _h65594 _i23265 _si |
||
| 999 |
_c18208 _d18208 |
||